000 00853nam a22002177a 4500
003 OSt
005 20260313065140.0
008 260313b |||||||| |||| 00| 0 eng d
020 _a978-0-15-603588-0
040 _aDWCL GS lib
_cOC
082 _aM376l 2001
100 _aMARTEL, YANN
245 _aLife of Pi: a novel
_cYANN MARTEL
260 _aNew York
_b Harcourt Publishing Company
_c2001
300 _a401 p
_c17 cm.
520 _aa philosophical novel about Piscine "Pi" Molitor Patel, a16-year-old Indian boy who survives 227 days adrift in the Pacific Ocean on a lifeboat with a Bengal tiger named Richard Parker
650 _a The novel is a frame narrative centered on Piscine Molitor "Pi" Patel
650 _asurvival requires faith, resilience, and adaptability in the face of adversity
700 _aYANN MARTEL
942 _2ddc
_cFIC.
_n0
999 _c9115
_d9115